[Event "Nakhchivan Open 2018"]
[Site "Nakhchivan AZE"]
[Date "2018.05.04"]
[Round "4.12"]
[White "Kotronias, Vasilios"]
[Black "Pasiev, Rakhim"]
[Result "1-0"]
[WhiteTitle "GM"]
[BlackTitle "IM"]
[WhiteElo "2518"]
[BlackElo "2416"]
[WhiteFideId "5900212"]
[BlackFideId "24122475"]
[EventDate "2018.05.01"]

1. e4 c5 2. Nf3 Nc6 3. d4 cxd4 4. Nxd4 g6 5. c4 Nf6 6. Nc3 d6 7. Be2 Nxd4 8.
Qxd4 Bg7 9. Bg5 O-O 10. Qd2 a5 11. Rd1 Be6 12. O-O a4 13. e5 Ne8 14. Nd5 Bxd5
15. Qxd5 Qc7 16. e6 f5 17. c5 Ra5 18. Rc1 Rxc5 19. Rxc5 dxc5 20. Qd7 Bf6 21.
Bxf6 Qxd7 22. exd7 Nxf6 23. Bc4+ Kg7 24. Re1 Rd8 25. Rxe7+ Kh6 26. Bb5 a3 27. b3 1-0

[Event "Nakhchivan Open 2018"]
[Site "Nakhchivan AZE"]
[Date "2018.05.05"]
[Round "5.1"]
[White "Pak, Yevgeniy"]
[Black "Bernadskiy, Vitaliy"]
[Result "1/2-1/2"]
[WhiteTitle "IM"]
[BlackTitle "GM"]
[WhiteElo "2390"]
[BlackElo "2589"]
[WhiteFideId "14201712"]
[BlackFideId "14100371"]
[EventDate "2018.05.01"]

1. d4 Nf6 2. c4 b6 3. f3 Nc6 4. d5 Ne5 5. e4 e6 6. Nh3 Bc5 7. Nc3 O-O 8. a3 a5
9. f4 Ng6 10. e5 Ne8 11. Ne4 d6 12. Nxc5 bxc5 13. dxe6 Bxe6 14. Ng5 dxe5 15.
Qxd8 Rxd8 16. fxe5 Nxe5 17. Nxe6 fxe6 18. Be3 Nd3+ 19. Bxd3 Rxd3 20. Bxc5 Rf5
21. Ke2 Rb3 22. Bd4 Nd6 23. Rhd1 Nxc4 24. Rac1 c5 25. Bc3 Rd5 26. Rd3 a4 27. Rg3
g6 28. Rc2 Nd6 29. Rg4 c4 30. Ke1 Kf7 31. Rf2+ Ke8 32. Re2 Kd7 33. Bb4 Nf7 34.
Bc3 Nd6 35. Bb4 Nf5 36. Bc3 Rc5 37. Rge4 Rc6 38. Rd2+ Ke8 39. g4 Ne7 1/2-1/2

[Event "Nakhchivan Open 2018"]
[Site "Nakhchivan AZE"]
[Date "2018.05.05"]
[Round "5.2"]
[White "Safarli, Eltaj"]
[Black "Tiviakov, Sergei"]
[Result "1/2-1/2"]
[WhiteTitle "GM"]
[BlackTitle "GM"]
[WhiteElo "2657"]
[BlackElo "2569"]
[WhiteFideId "13402129"]
[BlackFideId "1008013"]
[EventDate "2018.05.01"]

1. e4 e6 2. d4 d5 3. Nc3 dxe4 4. Nxe4 Nd7 5. Nf3 Ngf6 6. Bg5 Be7 7. Nxf6+ Nxf6
8. Bd3 O-O 9. O-O b6 10. Qe2 Bb7 11. Rad1 Bxf3 12. Qxf3 Qd5 13. Qxd5 Nxd5 14.
Bc1 Rfd8 15. a3 c6 16. c4 Nf6 17. Be2 Rac8 18. g3 Kf8 19. Be3 c5 20. Kg2 a5 21.
Kf3 cxd4 22. Bxd4 Nd7 23. Bc3 Bf6 24. Bxf6 Nxf6 25. Rxd8+ Rxd8 26. Rd1 Nd7 27.
Ke3 Ke7 28. f4 Rc8 29. b3 Nf6 30. g4 h6 31. h4 Ne8 32. b4 axb4 33. axb4 Ra8 34.
c5 bxc5 35. bxc5 Ra3+ 36. Rd3 Ra5 37. Rc3 Nc7 38. Bf3 g6 39. h5 gxh5 40. gxh5
Kf6 41. c6 e5 42. Rc4 exf4+ 43. Rxf4+ Rf5 44. Rc4 Re5+ 45. Kf2 Rf5 46. Kg3 Rg5+
47. Kh4 Rf5 48. Bg4 Rf1 49. Kg3 Ke5 50. Bf3 Rg1+ 51. Bg2 Rd1 52. Bf3 Rg1+ 1/2-1/2

[Event "Nakhchivan Open 2018"]
[Site "Nakhchivan AZE"]
[Date "2018.05.05"]
[Round "5.3"]
[White "Firouzja, Alireza"]
[Black "Guseinov, Gadir"]
[Result "1/2-1/2"]
[WhiteTitle "IM"]
[BlackTitle "GM"]
[WhiteElo "2570"]
[BlackElo "2654"]
[WhiteFideId "12573981"]
[BlackFideId "13401378"]
[EventDate "2018.05.01"]

1. d4 Nf6 2. c4 g6 3. Nc3 Bg7 4. e4 d6 5. Nf3 O-O 6. h3 e5 7. d5 Nh5 8. g3 Na6
9. Be3 f5 10. exf5 gxf5 11. Ng5 Qe8 12. Be2 Nf6 13. Rg1 Kh8 14. Qd2 Nc5 15. g4
Na4 16. Nxa4 Qxa4 17. gxf5 Bxf5 18. Bd3 e4 19. Be2 Rae8 20. b3 Qa3 21. Bd4 Re7
22. Ne6 Bxe6 23. dxe6 e3 24. Qxe3 Qa5+ 25. Bc3 Qf5 26. Rxg7 Kxg7 27. Bg4 Qc2 28.
Rc1 Qg6 29. f4 h5 30. f5 Qh6 31. Qxh6+ Kxh6 32. Bd2+ Kh7 33. Bf3 Rg7 34. Ke2 Rg3
35. Bc3 Ng8 36. Be4 Kh6 37. Kf2 h4 38. Bd2+ Kg7 39. Bf4 Ne7 40. Bxg3 hxg3+ 41.
Kxg3 Nxf5+ 42. Bxf5 Rxf5 43. Re1 Kf8 44. e7+ Ke8 45. h4 c6 46. Re2 d5 47. cxd5
cxd5 48. Kg4 Rf1 49. h5 Rh1 50. Rd2 Kxe7 51. Rxd5 Ke6 52. Rd2 b5 53. Kg5 Rg1+
54. Kh6 a5 55. Kh7 Rg4 56. h6 a4 57. bxa4 bxa4 58. Rb2 Rg3 59. Rb6+ Kf7 60. Rb7+
Kf6 61. a3 Rg4 62. Ra7 Rh4 63. Rb7 Rh3 64. Ra7 Rh4 65. Rg7 Rh3 66. Rg4 Rxa3 67.
Rf4+ Ke7 68. Re4+ Kf7 69. Rf4+ 1/2-1/2

[Event "Nakhchivan Open 2018"]
[Site "Nakhchivan AZE"]
[Date "2018.05.05"]
[Round "5.4"]
[White "Mamedov, Nidjat"]
[Black "Korneev, Oleg"]
[Result "1/2-1/2"]
[WhiteTitle "GM"]
[BlackTitle "GM"]
[WhiteElo "2602"]
[BlackElo "2533"]
[WhiteFideId "13400819"]
[BlackFideId "4156803"]
[EventDate "2018.05.01"]

1. e4 e5 2. Nf3 Nc6 3. Bb5 Nf6 4. O-O Nxe4 5. d4 Nd6 6. Bxc6 dxc6 7. dxe5 Nf5 8.
Qxd8+ Kxd8 9. h3 Ke8 10. Nc3 h5 11. Ne2 Be7 12. Bg5 Bd7 13. Rad1 Rd8 14. Nf4 h4
15. Bxe7 Kxe7 16. Ng5 Rhe8 17. Rfe1 Be6 18. Nfxe6 fxe6 19. Nf3 c5 20. Kf1 b5 21.
c3 c4 22. a4 a6 23. axb5 axb5 24. Rxd8 Rxd8 25. Ra1 Rd3 26. Ra5 b4 27. Ne1 Rd2
28. cxb4 1/2-1/2

[Event "Nakhchivan Open 2018"]
[Site "Nakhchivan AZE"]
[Date "2018.05.05"]
[Round "5.5"]
[White "Smirin, Ilia"]
[Black "Khenkin, Igor"]
[Result "1/2-1/2"]
[WhiteTitle "GM"]
[BlackTitle "GM"]
[WhiteElo "2592"]
[BlackElo "2557"]
[WhiteFideId "2801990"]
[BlackFideId "4659600"]
[EventDate "2018.05.01"]

1. e4 e5 2. Nf3 Nf6 3. Nxe5 d6 4. Nf3 Nxe4 5. d4 d5 6. Bd3 Be7 7. O-O Nc6 8. c4
Nb4 9. Be2 O-O 10. Nc3 Bf5 11. a3 Nxc3 12. bxc3 Nc6 13. Re1 Re8 14. cxd5 Qxd5
15. Bf4 Rac8 16. h3 h6 17. a4 Bd6 18. Be3 Na5 19. Nd2 Qe6 20. Bf1 Qg6 1/2-1/2

[Event "Nakhchivan Open 2018"]
[Site "Nakhchivan AZE"]
[Date "2018.05.05"]
[Round "5.6"]
[White "Korobov, Anton"]
[Black "Abbasov, Farid"]
[Result "1-0"]
[WhiteTitle "GM"]
[BlackTitle "GM"]
[WhiteElo "2678"]
[BlackElo "2531"]
[WhiteFideId "14105730"]
[BlackFideId "13400665"]
[EventDate "2018.05.01"]

1. d4 g6 2. c4 Bg7 3. Nc3 d6 4. e4 Nf6 5. f3 O-O 6. Nge2 c5 7. d5 a6 8. a4 e6 9.
Ng3 exd5 10. cxd5 h5 11. Be2 Nbd7 12. Bg5 Qb6 13. Qc1 Re8 14. a5 Qc7 15. Bh6 Bh8
16. Nf1 b5 17. axb6 Nxb6 18. Ne3 c4 19. O-O Bd7 20. Kh1 Bb5 21. Qe1 Nbd7 22. Qg3
Ne5 23. f4 Neg4 24. Bxg4 hxg4 25. f5 Nxe4 26. Qxg4 Nf6 27. Qh4 Ra7 28. fxg6 fxg6
29. Rxf6 Bxf6 30. Qxf6 Qf7 31. Qxd6 Rae7 32. Qg3 1-0

[Event "Nakhchivan Open 2018"]
[Site "Nakhchivan AZE"]
[Date "2018.05.05"]
[Round "5.7"]
[White "Beradze, Irakli"]
[Black "Aleksandrov, Aleksej"]
[Result "1/2-1/2"]
[WhiteTitle "IM"]
[BlackTitle "GM"]
[WhiteElo "2486"]
[BlackElo "2594"]
[WhiteFideId "13604597"]
[BlackFideId "13500139"]
[EventDate "2018.05.01"]

1. Nf3 Nf6 2. g3 b5 3. Bg2 Bb7 4. O-O e6 5. d3 Be7 6. e4 d6 7. a4 b4 8. Nbd2 O-O
9. Nc4 c5 10. Re1 Nc6 11. Bf4 Rc8 12. e5 dxe5 13. Nfxe5 Nd5 14. Nxc6 Bxc6 15.
Be5 Bf6 16. Qe2 Bxe5 17. Qxe5 Qc7 18. f4 Nb6 19. Qxc7 1/2-1/2

[Event "Nakhchivan Open 2018"]
[Site "Nakhchivan AZE"]
[Date "2018.05.05"]
[Round "5.8"]
[White "Malakhatko, Vadim"]
[Black "Muradli, Mahammad"]
[Result "1/2-1/2"]
[WhiteTitle "GM"]
[BlackTitle "IM"]
[WhiteElo "2532"]
[BlackElo "2417"]
[WhiteFideId "14104202"]
[BlackFideId "13409301"]
[EventDate "2018.05.01"]

1. d4 d6 2. Nf3 g6 3. c4 Bg7 4. Nc3 c5 5. d5 Bxc3+ 6. bxc3 Qa5 7. e4 Nf6 8. Qc2
Nxe4 9. Bd3 Nf6 10. O-O Bg4 11. Nd2 Nbd7 12. h3 Bf5 13. Bxf5 gxf5 14. Re1 Ne4
15. Nxe4 fxe4 16. Rxe4 Qa6 17. Bf4 O-O-O 18. Rxe7 Nb6 19. Rxf7 Qxc4 20. Rd1 Kb8
21. Bg5 Rd7 22. Rf4 Qa6 23. c4 Re8 24. Rc1 Qa4 25. Qd2 Qb4 26. Qc2 Qa4 27. Kh2
Qxc2 28. Rxc2 a6 29. Rf3 Na4 30. Rb3 b6 31. g4 Rb7 32. Bf4 Rd8 33. Re3 b5 34.
Re6 Rbd7 35. Bg5 Rc8 36. Bh4 Kb7 37. Bg3 Rcd8 38. cxb5 axb5 39. g5 b4 40. f4 Nc3
41. f5 Nxd5 42. f6 Nc3 43. Be1 Nb5 44. Bf2 Rg8 45. Be3 Nc7 46. Re4 Nd5 47. Rg2
h6 48. h4 hxg5 49. hxg5 Rf7 50. Re6 Kc7 51. Bc1 Kd7 52. Rge2 Rg6 53. Kh1 Nxf6
54. Rxf6 Rfxf6 55. gxf6 Rxf6 56. Kg2 Kc6 57. Be3 Rf5 58. Bf2 Kb5 59. Rb2 Kc4 60.
Rd2 Rd5 61. Re2 Kb5 62. Rb2 Rd3 63. Kf1 d5 64. Ke2 Ra3 65. Kd1 d4 66. Kc1 Rh3
67. Be1 Kc4 68. Rg2 Rh1 69. Re2 Kd3 70. Rd2+ Ke3 71. Kd1 c4 72. Re2+ Kd3 73.
Rd2+ Ke4 74. Rb2 c3 75. Rxb4 Kd3 76. Rb3 Rh2 77. Ra3 Rb2 78. Kc1 Rc2+ 79. Kd1
Rh2 80. Ra8 Rb2 81. Kc1 Re2 82. Bxc3 Rc2+ 83. Kd1 Rxc3 84. Rh8 Rc7 1/2-1/2

[Event "Nakhchivan Open 2018"]
[Site "Nakhchivan AZE"]
[Date "2018.05.05"]
[Round "5.9"]
[White "Ghaem Maghami, Ehsan"]
[Black "Abdulov, Orkhan"]
[Result "1-0"]
[WhiteTitle "GM"]
[BlackTitle "IM"]
[WhiteElo "2531"]
[BlackElo "2401"]
[WhiteFideId "12500739"]
[BlackFideId "13402714"]
[EventDate "2018.05.01"]

1. d4 Nf6 2. c4 e6 3. Nf3 d5 4. g3 Be7 5. Bg2 O-O 6. O-O dxc4 7. Qc2 a6 8. a4
Bd7 9. Rd1 Bc6 10. Bg5 b5 11. Bxf6 Bxf6 12. Nbd2 Nd7 13. Ng5 Bxg5 14. Bxc6 Rb8
15. axb5 axb5 16. Ra5 Bxd2 17. Qxd2 b4 18. Rb5 Nb6 19. Qxb4 Qd6 20. Bf3 Rfc8 21.
e3 g6 22. Rc1 Qd8 23. Bc6 Qd6 24. Qc5 Qd8 25. Ra1 h5 26. Ra7 Qd6 27. Qxd6 cxd6
28. Rb7 Rxc6 29. Rxb8+ Kg7 1-0

[Event "Nakhchivan Open 2018"]
[Site "Nakhchivan AZE"]
[Date "2018.05.05"]
[Round "5.10"]
[White "Ibrahimli, Murad"]
[Black "Kotronias, Vasilios"]
[Result "0-1"]
[WhiteTitle "FM"]
[BlackTitle "GM"]
[WhiteElo "2305"]
[BlackElo "2518"]
[WhiteFideId "13410229"]
[BlackFideId "5900212"]
[EventDate "2018.05.01"]

1. d4 Nf6 2. Nf3 g6 3. Bg5 Bg7 4. Nbd2 O-O 5. c3 d6 6. e4 h6 7. Bh4 Nh5 8. Bc4
Nd7 9. O-O c5 10. Re1 cxd4 11. cxd4 Nb6 12. Bb3 a5 13. a3 a4 14. Ba2 Bg4 15. h3
Bd7 16. Nf1 Rc8 17. Qd2 Nc4 18. Bxc4 Rxc4 19. e5 dxe5 20. Nxe5 Rc7 21. Qb4 Be8
22. Rac1 Rxc1 23. Rxc1 f6 24. Nd3 Qd5 25. f3 g5 26. Bf2 Qb5 27. Qd2 Bg6 28. Nb4
Rd8 29. Qe1 Nf4 30. Ng3 e6 31. Kh2 Bf8 32. Ne4 Bxb4 33. axb4 Bxe4 34. Qxe4 Qd5
35. Qb1 Kg7 36. Rc5 Qd6 37. g3 Nd5 38. Qc2 Ra8 39. b5 a3 40. bxa3 Rxa3 41. Kg2
h5 42. Qc1 Ra2 43. Rc2 Ra5 44. Qf1 Ra3 45. Qc4 Qd7 46. Qc5 Rb3 47. Qa7 Qxb5 0-1

[Event "Nakhchivan Open 2018"]
[Site "Nakhchivan AZE"]
[Date "2018.05.05"]
[Round "5.11"]
[White "Sanal, Vahap"]
[Black "Ozen, Deniz"]
[Result "1-0"]
[WhiteTitle "GM"]
[BlackTitle "FM"]
[WhiteElo "2505"]
[BlackElo "2397"]
[WhiteFideId "6300545"]
[BlackFideId "6349196"]
[EventDate "2018.05.01"]

1. Nf3 Nf6 2. c4 c6 3. g3 d5 4. Bg2 Bf5 5. Qb3 Qb6 6. d3 e6 7. Be3 Qxb3 8. axb3
a6 9. Nh4 Bg6 10. h3 Nbd7 11. Nxg6 hxg6 12. O-O Be7 13. Nd2 O-O 14. Nf3 Rfc8 15.
Bd2 Nc5 16. Ra3 a5 17. Rfa1 b6 18. b4 Na6 19. c5 Rab8 20. cxb6 Bxb4 21. Bxb4
Nxb4 22. Rxa5 Rxb6 23. Ne5 c5 24. Ra8 Rbb8 25. Rxb8 Rxb8 26. Ra7 Rc8 27. Nxf7
Nc6 28. Rb7 Na5 29. Rb5 Nc6 30. Nd6 Rd8 31. Nb7 Rb8 32. e3 Ne5 33. Bf1 Nf3+ 34.
Kh1 Ra8 35. Na5 Nd7 36. Be2 Nfe5 37. Kg2 Nf7 38. Rb7 Rxa5 39. Rxd7 Rb5 40. Bg4
Rb6 41. Re7 Kf8 42. Rxe6 Rxb2 43. Bf3 c4 44. dxc4 dxc4 45. Bd5 Rc2 46. Be4 Ng5
47. Bxc2 Nxe6 48. Bxg6 Ke7 49. h4 Kd6 50. Kf1 Kc5 51. Ke2 Kb4 52. g4 Ka3 53. g5
c3 54. f4 Kb2 55. Kd1 Nc7 56. h5 Nd5 57. Ke2 c2 58. Bxc2 Kxc2 59. h6 gxh6 60.
gxh6 Ne7 61. f5 1-0

[Event "Nakhchivan Open 2018"]
[Site "Nakhchivan AZE"]
[Date "2018.05.05"]
[Round "5.12"]
[White "Asadli, Vugar"]
[Black "Babazada, Khazar"]
[Result "1-0"]
[WhiteTitle "IM"]
[WhiteElo "2470"]
[BlackElo "2222"]
[WhiteFideId "13405764"]
[BlackFideId "13413554"]
[EventDate "2018.05.01"]

1. e4 c6 2. d4 d5 3. e5 c5 4. dxc5 e6 5. a3 Bxc5 6. b4 Bb6 7. Nf3 Nc6 8. Bb2
Nge7 9. Bd3 Qc7 10. O-O Ng6 11. Bxg6 fxg6 12. Nbd2 O-O 13. c4 a6 14. Rc1 Qd8 15.
h3 g5 16. Qc2 Rf5 17. Rfe1 dxc4 18. Nxc4 Ba7 19. Nd6 Rf4 20. Rcd1 Qe7 21. Bc1
Rxf3 22. gxf3 Bd7 23. Qe4 Be8 24. Qg4 Bg6 25. Bxg5 Qf8 26. Qxe6+ Kh8 27. f4 Bh5
28. f5 Bxd1 29. Rxd1 Nd4 30. Rxd4 Bxd4 31. Be7 1-0

[Event "Nakhchivan Open 2018"]
[Site "Nakhchivan AZE"]
[Date "2018.05.07"]
[Round "6.1"]
[White "Safarli, Eltaj"]
[Black "Pak, Yevgeniy"]
[Result "1-0"]
[WhiteTitle "GM"]
[BlackTitle "IM"]
[WhiteElo "2657"]
[BlackElo "2390"]
[WhiteFideId "13402129"]
[BlackFideId "14201712"]
[EventDate "2018.05.01"]

1. e4 c5 2. Nf3 Nc6 3. Bb5 d6 4. Bxc6+ bxc6 5. O-O Bg4 6. h3 Bh5 7. e5 e6 8.
exd6 Bxd6 9. d3 Ne7 10. Nbd2 O-O 11. Nc4 Nd5 12. Qe2 Re8 13. g4 Bg6 14. Nfe5
Bxe5 15. Qxe5 f6 16. Qd6 Nb4 17. Qxd8 Rexd8 18. Ne3 c4 19. Bd2 Nd5 20. Nxc4 e5
21. f3 Rd7 22. b4 Rc8 23. a4 Nc7 24. Be3 Nd5 25. Bd2 Nc7 26. Rfb1 Bf7 27. Be3
Nd5 28. Ra3 a6 29. Bd2 Be8 30. Na5 h5 31. Nb3 Nc7 32. Nc5 Re7 33. Kf2 Rb8 34.
Re1 hxg4 35. hxg4 g5 36. d4 Rh7 37. Ne4 Rh2+ 38. Kg3 Rxd2 39. Nxd2 exd4 40. Rd3
Bg6 41. Rxd4 Bxc2 42. Rd6 Nd5 43. Rxc6 Bxa4 44. Rd6 Nxb4 45. Rxf6 Bc2 46. Re5
Kg7 47. Rd6 Rb5 48. Re7+ Kf8 49. Rc7 Rb8 50. Nc4 Bb3 51. Ne5 a5 52. Ng6+ Kg8 53.
Rdd7 1-0

[Event "Nakhchivan Open 2018"]
[Site "Nakhchivan AZE"]
[Date "2018.05.07"]
[Round "6.2"]
[White "Tiviakov, Sergei"]
[Black "Korobov, Anton"]
[Result "1-0"]
[WhiteTitle "GM"]
[BlackTitle "GM"]
[WhiteElo "2569"]
[BlackElo "2678"]
[WhiteFideId "1008013"]
[BlackFideId "14105730"]
[EventDate "2018.05.01"]

1. e4 c5 2. Nc3 d6 3. Nge2 Nf6 4. g3 g6 5. Bg2 Bg7 6. d4 cxd4 7. Nxd4 O-O 8. O-O
Nc6 9. Nde2 Re8 10. b3 Bg4 11. Bb2 Ne5 12. f3 Bd7 13. Kh1 Rc8 14. Nd5 Nxd5 15.
exd5 Qb6 16. c4 Qa6 17. Nd4 b5 18. f4 Ng4 19. cxb5 Qb6 20. Qd2 Bxb5 21. Rfc1 Bd7
22. Rxc8 Rxc8 23. Re1 Re8 24. h3 Nf6 25. Kh2 h5 26. Re2 Qa6 27. Bc3 Kf8 28. Re1
Rc8 29. Nc6 Re8 30. a4 Bf5 31. Bd4 Qb7 32. Qc3 a6 33. Rxe7 1-0

[Event "Nakhchivan Open 2018"]
[Site "Nakhchivan AZE"]
[Date "2018.05.07"]
[Round "6.3"]
[White "Guseinov, Gadir"]
[Black "Khenkin, Igor"]
[Result "1/2-1/2"]
[WhiteTitle "GM"]
[BlackTitle "GM"]
[WhiteElo "2654"]
[BlackElo "2557"]
[WhiteFideId "13401378"]
[BlackFideId "4659600"]
[EventDate "2018.05.01"]

1. e4 e5 2. Nf3 Nf6 3. d4 Nxe4 4. Bd3 d5 5. Nxe5 Nd7 6. Nxd7 Bxd7 7. O-O Bd6 8.
c4 c6 9. Nc3 O-O 10. cxd5 Nxc3 11. bxc3 cxd5 12. Qh5 g6 13. Qxd5 Qc7 14. g3 Be6
15. Qf3 Qxc3 16. Rb1 Qxd4 17. Be4 Qg7 18. Rxb7 Bc5 19. Bd5 Qe5 20. Bxe6 fxe6 21.
Bf4 Qd5 22. Qxd5 exd5 23. Rd1 Rad8 24. Rb5 Bxf2+ 25. Kxf2 g5 26. Rbxd5 Rxd5 27.
Rxd5 gxf4 28. Rg5+ Kh8 29. g4 Rc8 30. Ra5 Rc2+ 31. Kf3 Rxh2 32. Rxa7 h5 33. gxh5
Rxh5 34. Kg4 Rc5 35. Kxf4 Kg8 36. a4 Kf8 37. a5 Ke8 38. a6 Ra5 39. Ra8+ Kd7 40.
a7 Kc7 41. Rh8 Rxa7 42. Rh7+ Kb6 43. Rxa7 Kxa7 44. Ke4 1/2-1/2

[Event "Nakhchivan Open 2018"]
[Site "Nakhchivan AZE"]
[Date "2018.05.07"]
[Round "6.4"]
[White "Kotronias, Vasilios"]
[Black "Mamedov, Nidjat"]
[Result "0-1"]
[WhiteTitle "GM"]
[BlackTitle "GM"]
[WhiteElo "2518"]
[BlackElo "2602"]
[WhiteFideId "5900212"]
[BlackFideId "13400819"]
[EventDate "2018.05.01"]

1. e4 e5 2. Nf3 Nf6 3. Nxe5 d6 4. Nf3 Nxe4 5. d4 d5 6. Bd3 Nc6 7. O-O Be7 8. Nc3
Nxc3 9. bxc3 Bg4 10. h3 Bh5 11. Rb1 Rb8 12. Bf5 O-O 13. Qd3 Bg6 14. Bf4 Bd6 15.
Bxg6 hxg6 16. Bxd6 Qxd6 17. Rfe1 b6 18. Qe3 Qd7 19. Qf4 Rfe8 20. h4 f6 21. Nd2
Ne7 22. Qg3 Kf7 23. Nf1 Rh8 24. Qf4 Nf5 25. g3 Rbe8 26. Qf3 c6 27. Qg4 Re6 28.
Nd2 Rhe8 29. Rxe6 Qxe6 30. h5 g5 31. c4 dxc4 32. Nxc4 Kg8 33. c3 Qd5 34. Nd2 Nh6
35. Qf3 Qxf3 36. Nxf3 Re2 37. c4 Ng4 38. d5 cxd5 39. cxd5 Rxf2 40. Rb3 Rxa2 41.
Rd3 Ra1+ 42. Kg2 Rd1 43. Rxd1 Ne3+ 44. Kh3 Nxd1 45. d6 Kf7 46. Nd4 Ne3 47. g4 a5
48. Kg3 a4 49. Kf3 Nc4 0-1

[Event "Nakhchivan Open 2018"]
[Site "Nakhchivan AZE"]
[Date "2018.05.07"]
[Round "6.5"]
[White "Korneev, Oleg"]
[Black "Smirin, Ilia"]
[Result "1/2-1/2"]
[WhiteTitle "GM"]
[BlackTitle "GM"]
[WhiteElo "2533"]
[BlackElo "2592"]
[WhiteFideId "4156803"]
[BlackFideId "2801990"]
[EventDate "2018.05.01"]

1. e4 c5 2. Nf3 e6 3. d4 cxd4 4. Nxd4 a6 5. Bd3 Bc5 6. Nb3 Be7 7. Qg4 g6 8. Qe2
d6 9. O-O Nc6 10. a4 b6 11. Na3 Ne5 12. Nc4 Nxc4 13. Bxc4 Bb7 14. f3 1/2-1/2

[Event "Nakhchivan Open 2018"]
[Site "Nakhchivan AZE"]
[Date "2018.05.07"]
[Round "6.6"]
[White "Bernadskiy, Vitaliy"]
[Black "Ghaem Maghami, Ehsan"]
[Result "1/2-1/2"]
[WhiteTitle "GM"]
[BlackTitle "GM"]
[WhiteElo "2589"]
[BlackElo "2531"]
[WhiteFideId "14100371"]
[BlackFideId "12500739"]
[EventDate "2018.05.01"]

1. e4 c6 2. d4 d5 3. exd5 cxd5 4. Bd3 Nc6 5. c3 Qc7 6. h3 Nf6 7. Ne2 a6 8. O-O
e6 9. Bf4 Bd6 10. Bxd6 Qxd6 11. Nd2 O-O 12. f4 Na5 13. Qe1 b5 14. Qh4 Bb7 15.
Ng3 Nc4 16. Nxc4 dxc4 17. Bc2 h6 18. Rae1 Rae8 19. Re5 Qd8 20. f5 Nd7 21. Qxd8
Rxd8 22. Re3 Rfe8 23. Rfe1 Bd5 24. Nh5 Nf6 25. Nxf6+ gxf6 26. fxe6 Rxe6 27. Bf5
Rxe3 28. Rxe3 Kf8 29. Kf2 a5 30. a3 b4 31. Be4 Be6 32. Bc6 Rd6 33. Bb5 Rb6 34.
a4 Rd6 35. Re4 Rd8 36. Rh4 Kg7 37. Rh5 f5 38. Rh4 Kg6 39. Rf4 Bd5 40. Kf1 Rd6
41. Rf2 Kg5 1/2-1/2

[Event "Nakhchivan Open 2018"]
[Site "Nakhchivan AZE"]
[Date "2018.05.07"]
[Round "6.7"]
[White "Sanal, Vahap"]
[Black "Firouzja, Alireza"]
[Result "1-0"]
[WhiteTitle "GM"]
[BlackTitle "IM"]
[WhiteElo "2505"]
[BlackElo "2570"]
[WhiteFideId "6300545"]
[BlackFideId "12573981"]
[EventDate "2018.05.01"]

1. Nf3 d6 2. d4 Nf6 3. g3 g6 4. b3 Bg7 5. Bb2 O-O 6. Bg2 Nbd7 7. O-O c6 8. Re1
Qc7 9. e4 e5 10. dxe5 Nxe5 11. Nbd2 Nfg4 12. Nd4 c5 13. Nb5 Qb6 14. a4 a6 15.
Bxe5 Nxe5 16. Nc3 Be6 17. Nd5 Qd8 18. Ra2 Nc6 19. c3 Ne7 20. Qf3 h5 21. Nc4 Nxd5
22. exd5 Bg4 23. Qf4 Bxc3 24. Rc1 Bd4 25. h3 Bf5 26. Nxd6 Bd3 27. Rd1 g5 28.
Nxb7 gxf4 29. Nxd8 fxg3 30. Nc6 Bxf2+ 31. Kh1 c4 32. d6 Kg7 33. d7 Rad8 34. Nxd8
Rxd8 35. bxc4 Bxc4 36. Rc2 Be6 37. Rc6 a5 38. Ra6 Rxd7 39. Rxd7 Bxd7 40. Rxa5 h4
41. Ra8 Kf6 42. a5 Be6 43. Rb8 Ke5 44. Rb4 f5 45. Rxh4 f4 46. Rh5+ Kf6 47. Bf3
Bf7 48. Rh8 1-0

[Event "Nakhchivan Open 2018"]
[Site "Nakhchivan AZE"]
[Date "2018.05.07"]
[Round "6.8"]
[White "Aleksandrov, Aleksej"]
[Black "Tutisani, Noe"]
[Result "1/2-1/2"]
[WhiteTitle "GM"]
[BlackTitle "FM"]
[WhiteElo "2594"]
[BlackElo "2460"]
[WhiteFideId "13500139"]
[BlackFideId "13602853"]
[EventDate "2018.05.01"]

1. d4 Nf6 2. c4 c5 3. e3 g6 4. dxc5 Na6 5. a3 Nxc5 6. b4 Ne6 7. Bb2 Bg7 8. Nf3
O-O 9. Be2 a5 10. Nbd2 b6 11. O-O Bb7 12. Qb3 d6 13. Bc3 Ne4 14. Bxg7 Kxg7 15.
Qb2+ Kg8 16. Nb3 Qd7 17. Nfd4 a4 18. Nd2 Nxd4 19. exd4 Nxd2 20. Qxd2 Qc6 21. d5
Qc7 22. Rfe1 e6 23. dxe6 fxe6 24. Rad1 Rad8 25. Bf1 e5 26. Re3 b5 27. cxb5 d5
28. Rc1 Qd6 29. Rec3 Rd7 30. Rc6 Bxc6 31. bxc6 Rdf7 32. f3 e4 33. Bc4 exf3 34.
gxf3 Rf5 35. Ba2 Kg7 36. Qd4+ Kh6 37. Qe3+ Kg7 38. Qd4+ 1/2-1/2

[Event "Nakhchivan Open 2018"]
[Site "Nakhchivan AZE"]
[Date "2018.05.07"]
[Round "6.9"]
[White "Gadimbayli, Abdulla"]
[Black "Malakhatko, Vadim"]
[Result "1/2-1/2"]
[WhiteTitle "IM"]
[BlackTitle "GM"]
[WhiteElo "2419"]
[BlackElo "2532"]
[WhiteFideId "13404938"]
[BlackFideId "14104202"]
[EventDate "2018.05.01"]

1. e4 c5 2. Nf3 e6 3. d4 cxd4 4. Nxd4 Nc6 5. Nc3 Qc7 6. Be3 a6 7. Qd2 Nf6 8. f4
Bb4 9. Bd3 Ng4 10. Bg1 O-O 11. e5 f6 12. h3 Nh6 13. exf6 Rxf6 14. O-O-O Qxf4 15.
Be3 Qc7 16. g4 Rf7 17. a3 Be7 18. Rhf1 Ne5 19. Kb1 Rxf1 20. Rxf1 Nhf7 21. Bf4 d6
22. Bg3 Bd7 23. h4 Rf8 24. g5 Qc8 25. Be2 Nc4 26. Qe1 Nfe5 27. Rxf8+ Bxf8 28. h5
b5 29. h6 d5 30. Bxe5 Nxe5 31. Bxb5 axb5 32. Qxe5 gxh6 33. gxh6 Bxh6 34. Ndxb5
Bg7 35. Qg3 h5 36. Qg5 Qf8 37. a4 Qf6 38. Qxh5 d4 39. Qd1 Bc6 40. Na2 Bf3 41.
Qd3 e5 42. Nb4 e4 43. Qc4+ Kh7 44. c3 dxc3 45. Nxc3 Qg6 46. Nc2 e3 47. Qf4 e2
48. Qh2+ Qh5 49. Qxh5+ Bxh5 50. Ka2 Kh6 51. a5 Bxc3 52. bxc3 Bg6 53. Ne1 Kg5 54.
Kb2 Kf4 55. c4 Ke3 56. Kc3 Be4 57. a6 Ba8 58. Nc2+ Kf2 59. Kd4 Bc6 60. a7 Ba8
61. Ke5 Bb7 62. c5 Bc6 63. Kf4 Kf1 64. Ke3 Ba8 65. Kd2 Kf2 66. Ne1 Be4 67. Nd3+
Bxd3 68. Kxd3 e1=Q 69. a8=Q Qe3+ 70. Kc4 Qe2+ 1/2-1/2